| 000 | 01366nam a2200409 i 4500 | ||
|---|---|---|---|
| 001 | 25076 | ||
| 003 | KOSZ 005 | ||
| 005 | 20191003122356.0 | ||
| 008 | 950505s1993 pl f f |000 0 pol d | ||
| 020 | _a8300028102 | ||
| 040 |
_cKOSZ 005 _aKOSZ 005/HR |
||
| 046 | _k1993 | ||
| 080 | _a631.3-049.35 | ||
| 080 | _a631.17 | ||
| 080 | _a(075.8) | ||
| 245 | 7 | 0 |
_aWybrane zagadnienia regulacji i obsługi maszyn rolniczych / _c[aut. Zbigniew Majewski et al.]. |
| 260 |
_aWarszawa : _bWydawnictwo SGGW, _c1993. |
||
| 300 |
_a299, [1] s., [3] k. tabl. złoż. : _brys. ; _c24 cm. |
||
| 336 |
_2rdacontent _aTekst _btxt |
||
| 337 |
_2rdamedia _aBez urządzenia pośredniczącego _bn |
||
| 338 |
_2rdacarrier _aWolumin _bnc |
||
| 380 | _aKsiążki | ||
| 380 | _aPublikacje dydaktyczne | ||
| 385 |
_mPoziom nauczania _aSzkoły wyższe |
||
| 388 | _a1901-2000 | ||
| 388 | _a1945-1989 | ||
| 504 | _aBibliogr. s. [300]. | ||
| 658 | _aRolnictwo i leśnictwo | ||
| 658 | _aInżynieria i technika | ||
| 655 | 4 | _aPodręczniki akademickie | |
| 650 | 4 | _aObsługa i eksploatacja | |
| 650 | 4 | _aRolnictwo | |
| 650 | 4 | _aMaszyny i narzędzia rolnicze | |
| 700 | 1 |
_aMajewski, Zbigniew _c(nauki rolnicze). |
|
| 856 |
_uhttp://koha.tu.koszalin.pl/cgi-bin/koha/opac-detail.pl?biblionumber=25076 _yKatalog online BPK |
||
| 942 |
_cKS _2UKD |
||
| 999 |
_c25076 _d25076 |
||